La Fe sin obras es inútil
En este artículo se señala que la institucionalidad del Estado muchas veces depende de la labor y posición del Presidente de la República. En el caso de El Salvador, se critica la corrupción en la Corte de Suprema de Justicia y se cuestiona su credibilidad además, se observa la actitud que tomó el p...
Guardado en:
| Format: | Texto |
|---|---|
| Fag: | |
| Tags: |
Tilføj Tag
Ingen Tags, Vær først til at tagge denne postø!
|
MARC
| LEADER | 00000 a a2200000 04500 | ||
|---|---|---|---|
| 001 | 5885 | ||
| 003 | |||
| 040 | |||
| 245 | |a La Fe sin obras es inútil | ||
| 520 | |a En este artículo se señala que la institucionalidad del Estado muchas veces depende de la labor y posición del Presidente de la República. En el caso de El Salvador, se critica la corrupción en la Corte de Suprema de Justicia y se cuestiona su credibilidad además, se observa la actitud que tomó el presidente de este país, Calderón Sol, al respecto de este tema y sobre la investigación de los escuadrones de la muerte./ MSD | ||
| 650 | |a SISTEMA JUDICIAL | ||
| 650 | |a CORRUPCION | ||
| 650 | |a PRESIDENCIA | ||
| 773 | |g volumen 15, número 635; páginas 2-3 | ||
| 999 | |c 24856 |d 24856 | ||
